Contrastive analysis and error analysis : the verbal systems of Malay and Spanish /
Saved in:
| Main Author: | |
|---|---|
| Format: | Thesis Book |
| Language: | English |
| Published: |
1996.
|
| Subjects: | |
| Tags: |
Add Tag
No Tags, Be the first to tag this record!
|
| LEADER | 01349cam a2200313 a 4500 | ||
|---|---|---|---|
| 001 | u403248 | ||
| 003 | SIRSI | ||
| 008 | 920820s1996 my t 00 1 eng m | ||
| 035 | |a ACB-3441 | ||
| 040 | |a UMB |d UMM | ||
| 041 | |a spamay | ||
| 090 | |a PC4460 |b Ali | ||
| 091 | |a Microfiche 12645. | ||
| 093 | |a PC4460 |b Ali | ||
| 100 | 1 | 0 | |a Alicio, Atilio V. |
| 245 | 1 | 0 | |a Contrastive analysis and error analysis : |b the verbal systems of Malay and Spanish / |c Atilio V. Alicio. |
| 260 | |c 1996. | ||
| 300 | |a ix, 447 leaves ; |c 30 cm. | ||
| 500 | |a Also available on microfiche. Kuala Lumpur : Perpustakaan Universiti Malaya, 1996. 5 fiches : negative ; 11x15 cm. | ||
| 502 | |a Thesis (Ph.D.) -- Fakulti Bahasa dan Linguistik, Universiti Malaya, 1996. | ||
| 504 | |a Bibliography : leaves 359-370. | ||
| 650 | 0 | |a Spanish language |x Errors of usage. | |
| 650 | 0 | |a Spanish language |x Grammar, Comparative |x Malay. | |
| 650 | 0 | |a Malay language |x Grammar, Comparative |x Spanish. | |
| 710 | 2 | 0 | |a Universiti Malaya. |b Fakulti Bahasa dan Linguistik. |
| 948 | |a 26/09/1996 |b 25/11/2000 | ||
| 596 | |a 1 6 | ||
| 999 | |a PC4460 ALI |w LC |c 1 |i A506002355 |d 24/11/2013 |e 12/11/2013 |l STACKS |m P01UTAMA |n 16 |r Y |s Y |t TESIS |u 4/10/1996 |o .CIRCNOTE. Bahan sedang di mikrofis - MZE(9/4/07) | ||
| 999 | |a PC4460 ALI |w LC |c 1 |i A503692893 |d 21/3/2011 |e 21/3/2011 |l STACKS |m P06BAHASA |n 2 |r Y |s Y |t TESIS |u 30/9/1996 | ||
